000
00483nam a2200181Ia 4500
008
090123s9999 xx 000 0 und d
082
_b
25159
100
_a
यादव मारुती
245
_a
आदर्श
250
_a
0
260
_b
माधवी प्रकाशन
300
_a
174
600
_a
यादव मारुती
630
_a
आदर्श
700
_a
यादव मारुती
730
_a
आदर्श
942
_c
BOOK
999
_c
63230
_d
63230